<?xml version="1.0" encoding="UTF-8"?>
<collection xmlns="http://www.loc.gov/MARC21/slim">
<record>
  <controlfield tag="001">153147</controlfield>
  <controlfield tag="005">20251017144651.0</controlfield>
  <datafield tag="024" ind1="7" ind2=" ">
    <subfield code="2">doi</subfield>
    <subfield code="a">10.1021/acsami.4c19421</subfield>
  </datafield>
  <datafield tag="024" ind1="8" ind2=" ">
    <subfield code="2">sideral</subfield>
    <subfield code="a">143580</subfield>
  </datafield>
  <datafield tag="037" ind1=" " ind2=" ">
    <subfield code="a">ART-2025-143580</subfield>
  </datafield>
  <datafield tag="041" ind1=" " ind2=" ">
    <subfield code="a">eng</subfield>
  </datafield>
  <datafield tag="100" ind1=" " ind2=" ">
    <subfield code="a">Gimeno-Muñoz, Raquel</subfield>
  </datafield>
  <datafield tag="245" ind1=" " ind2=" ">
    <subfield code="a">Curcuminoid-Based Responsive Surfaces for Fluorescent BF&lt;sub>3&lt;/sub> Detection, a Fast and Reversible Approach</subfield>
  </datafield>
  <datafield tag="260" ind1=" " ind2=" ">
    <subfield code="c">2025</subfield>
  </datafield>
  <datafield tag="506" ind1="0" ind2=" ">
    <subfield code="a">Access copy available to the general public</subfield>
    <subfield code="f">Unrestricted</subfield>
  </datafield>
  <datafield tag="520" ind1="3" ind2=" ">
    <subfield code="a">The strategic design of a novel curcuminoid (CCMoid), termed PA, containing pyrene units and a terminal carboxylic group provides the necessary tools for its efficient immobilization on surfaces and its potential use as an optical chemosensor. To this end, our work provides a robust methodology for the preparation of CCMoid-based active surfaces with a fluorescent response and reusability. The covalent immobilization of the CCMoid is obtained by the reaction of the acidic groups of PA and the imidazole ends of the previously functionalized substrates. In this way, fluorescent patterned surfaces of PA, whose emission could be observed in the visible region thanks to the pyrene groups of the CCMoid, were obtained using microcontact printing. In addition, the coordination of BF3 molecules (in solution and in gas phase) with the keto–enol moiety of the PAs anchored on the surfaces has been analyzed. The ability of BF3 to modify the optical properties of the CCMoids-based surfaces, leading to emissions in the near-IR, has been identified as a fast and reversible process. Such ability is intrinsic to the final coordinated system and not to other boron-based molecules, providing unique response and sensing surfaces.</subfield>
  </datafield>
  <datafield tag="536" ind1=" " ind2=" ">
    <subfield code="9">info:eu-repo/grantAgreement/ES/AEI/CEX2023-001263-S</subfield>
    <subfield code="9">info:eu-repo/grantAgreement/ES/MICINN/CEX2021-001202-M</subfield>
    <subfield code="9">info:eu-repo/grantAgreement/ES/MICINN/PID2019-1108794GB-I00</subfield>
    <subfield code="9">info:eu-repo/grantAgreement/ES/MICINN/PID2021-122464NB-I00</subfield>
    <subfield code="9">info:eu-repo/grantAgreement/ES/MICINN/PID2023-151929NB-I00</subfield>
  </datafield>
  <datafield tag="540" ind1=" " ind2=" ">
    <subfield code="9">info:eu-repo/semantics/openAccess</subfield>
    <subfield code="a">by</subfield>
    <subfield code="u">https://creativecommons.org/licenses/by/4.0/deed.es</subfield>
  </datafield>
  <datafield tag="655" ind1=" " ind2="4">
    <subfield code="a">info:eu-repo/semantics/article</subfield>
    <subfield code="v">info:eu-repo/semantics/publishedVersion</subfield>
  </datafield>
  <datafield tag="700" ind1=" " ind2=" ">
    <subfield code="a">Díaz-Torres, Raúl</subfield>
  </datafield>
  <datafield tag="700" ind1=" " ind2=" ">
    <subfield code="a">Gómez-Coca, Silvia</subfield>
  </datafield>
  <datafield tag="700" ind1=" " ind2=" ">
    <subfield code="a">Roubeau, Olivier</subfield>
    <subfield code="0">(orcid)0000-0003-2095-5843</subfield>
  </datafield>
  <datafield tag="700" ind1=" " ind2=" ">
    <subfield code="a">Díaz-Cruz, José Manuel</subfield>
  </datafield>
  <datafield tag="700" ind1=" " ind2=" ">
    <subfield code="a">Aliaga-Alcalde, Núria</subfield>
  </datafield>
  <datafield tag="700" ind1=" " ind2=" ">
    <subfield code="a">González-Campo, Arántzazu</subfield>
  </datafield>
  <datafield tag="773" ind1=" " ind2=" ">
    <subfield code="g">17, 13 (2025), 20383-20393</subfield>
    <subfield code="p">ACS appl. mater. interfaces</subfield>
    <subfield code="t">ACS applied materials &amp; interfaces</subfield>
    <subfield code="x">1944-8244</subfield>
  </datafield>
  <datafield tag="856" ind1="4" ind2=" ">
    <subfield code="s">8560941</subfield>
    <subfield code="u">http://zaguan.unizar.es/record/153147/files/texto_completo.pdf</subfield>
    <subfield code="y">Versión publicada</subfield>
  </datafield>
  <datafield tag="856" ind1="4" ind2=" ">
    <subfield code="s">3239828</subfield>
    <subfield code="u">http://zaguan.unizar.es/record/153147/files/texto_completo.jpg?subformat=icon</subfield>
    <subfield code="x">icon</subfield>
    <subfield code="y">Versión publicada</subfield>
  </datafield>
  <datafield tag="909" ind1="C" ind2="O">
    <subfield code="o">oai:zaguan.unizar.es:153147</subfield>
    <subfield code="p">articulos</subfield>
    <subfield code="p">driver</subfield>
  </datafield>
  <datafield tag="951" ind1=" " ind2=" ">
    <subfield code="a">2025-10-17-14:36:40</subfield>
  </datafield>
  <datafield tag="980" ind1=" " ind2=" ">
    <subfield code="a">ARTICLE</subfield>
  </datafield>
</record>
</collection>